| 000 -LEADER |
| fixed length control field |
02058nam a22003857a 4500 |
| 001 - CONTROL NUMBER |
| control field |
17170428 |
| 003 - CONTROL NUMBER IDENTIFIER |
| control field |
OSt |
| 005 - DATE AND TIME OF LATEST TRANSACTION |
| control field |
20210426070914.0 |
| 008 - FIXED-LENGTH DATA ELEMENTS--GENERAL INFORMATION |
| fixed length control field |
120217s2012 ilu 000 0 eng |
| 010 ## - LIBRARY OF CONGRESS CONTROL NUMBER |
| LC control number |
2012004231 |
| 020 ## - INTERNATIONAL STANDARD BOOK NUMBER |
| International Standard Book Number |
9781564787163 (pbk. : alk. paper) |
| 020 ## - INTERNATIONAL STANDARD BOOK NUMBER |
| International Standard Book Number |
9781564787514 (cloth : alk. paper) |
| 040 ## - CATALOGING SOURCE |
| Original cataloging agency |
DLC |
| Transcribing agency |
DLC |
| Modifying agency |
DLC |
| 041 1# - LANGUAGE CODE |
| Language code of text/sound track or separate title |
eng |
| Language code of original |
geo |
| 042 ## - AUTHENTICATION CODE |
| Authentication code |
pcc |
| 043 ## - GEOGRAPHIC AREA CODE |
| Geographic area code |
a-gs--- |
| 050 00 - LIBRARY OF CONGRESS CALL NUMBER |
| Classification number |
PK9168.2.E6 |
| Item number |
B47 2012 |
| 080 ## - UNIVERSAL DECIMAL CLASSIFICATION NUMBER |
| Universal Decimal Classification number |
821.111 |
| Item number |
H-49 |
| 082 00 - DEWEY DECIMAL CLASSIFICATION NUMBER |
| Classification number |
899/.969 |
| Edition number |
23 |
| 100 ## - MAIN ENTRY--PERSONAL NAME |
| 9 (RLIN) |
905 |
| Personal name |
Heighway, Elizabeth |
| Relator term |
Editor / Translator |
| 245 00 - TITLE STATEMENT |
| Title |
Contemporary Georgian fiction / |
| Statement of responsibility, etc. |
translated and edited by Elizabeth Heighway. |
| Remainder of title |
/ by: Dalkey Archive Press |
| 250 ## - EDITION STATEMENT |
| Edition statement |
1st edition |
| 260 ## - PUBLICATION, DISTRIBUTION, ETC. |
| Place of publication, distribution, etc. |
Champaign |
| Name of publisher, distributor, etc. |
Dalkey Archive Press |
| Date of publication, distribution, etc. |
2012. |
| 300 ## - PHYSICAL DESCRIPTION |
| Extent |
xvii, 362 p. |
| Dimensions |
24 cm. |
| 365 ## - TRADE PRICE |
| Price amount |
17.95 usd |
| 505 0# - FORMATTED CONTENTS NOTE |
| Formatted contents note |
MARIAM BEKAURI: Debi -- LASHA BUGADZE: The Round Table -- ZAZA BURCHULADZE: The Dubbing -- TEONA DOLENJASHVILI: Real Beings -- GURAM DOCHANASHVILI: The Happy Hillock -- REZO GABRIADZE: The White Bridge -- KOTE JANDIERI: Cinderella's Night -- IRAKLI JAVAKHADZE: Kolya -- DAVIT KARTVELISHVILI: The Squirrel -- BESIK KHARANAULI: Ladies and Gentlemen! -- MAMUKA KHERKHEULIDZE: A Caucasian Chronicle -- ARCHIL KIKODZE: The Drunks -- ANA KORDZAIA: Rain -- ZURAB LEZHAVA: Love in a Prison Cell -- MAKA MIKELADZE: A Story of Sex -- AKA MORCHILADZE: Once Upon a Time in Georgia -- ZAAL SAMADASHVILI: Selling Books -- NUGZAR SHATAIDZE: November Rain -- NINO TEPNADZE: The Suicide Train. |
| 650 #0 - SUBJECT ADDED ENTRY--TOPICAL TERM |
| Topical term or geographic name entry element |
Short stories, Georgian |
| Form subdivision |
Translations into English. |
| 650 #0 - SUBJECT ADDED ENTRY--TOPICAL TERM |
| Topical term or geographic name entry element |
English literature |
| 9 (RLIN) |
247 |
| 650 #0 - SUBJECT ADDED ENTRY--TOPICAL TERM |
| Topical term or geographic name entry element |
Georgian fiction |
| Chronological subdivision |
20th century |
| Form subdivision |
Translations into English. |
| 653 ## - INDEX TERM--UNCONTROLLED |
| Uncontrolled term |
ინგლისური ლიტერატურა |
| 700 1# - ADDED ENTRY--PERSONAL NAME |
| Personal name |
Heighway, Elizabeth. |
| Relator term |
Editor / Translator |
| 906 ## - LOCAL DATA ELEMENT F, LDF (RLIN) |
| a |
7 |
| b |
cbc |
| c |
orignew |
| d |
1 |
| e |
ecip |
| f |
20 |
| g |
y-gencatlg |
| 942 ## - ADDED ENTRY ELEMENTS (KOHA) |
| Source of classification or shelving scheme |
|
| Koha item type |
Books |
| Edition |
1 |